Wykonawcy Eurowizji dla dzieci - Statystyki

Ogólne statystyki
  • Ten quiz został rozwiązany 15 razy
  • Średni wynik to 11 z 16
Statystyki odpowiedzi
Obrazkowy Odpowiedź % Poprawnych
Malta
100%
Polska
100%
Polska
100%
Polska
100%
Armenia
80%
Francja
80%
Gruzja
80%
Gruzja
80%
Ukraina
80%
Rosja
60%
Ukraina
60%
Armenia
40%
Kazachstan
40%
Rosja
40%
Włochy
40%
Szwecja
20%
Nie znaleziono quizów pasujących do podanych kryteriów
Rozkład punktacji
Procent ludzi z każdym wynikiem
Percentyl według liczby udzielonych odpowiedzi
Twoja historia wyników
Nie rozwiązałeś tego quizu